| 000 | 00388cam a22001097a 4500 | ||
|---|---|---|---|
| 008 | 180718b1995 xxu||||| |||| 00| 0 eng d | ||
| 100 | _aVagmai, Sriram Sharma Aacharya | ||
| 245 |
_aVyakti vikas hetu ucchistariya sadhnayain _cby Sriram Sharma Aacharya Vagmai;edited by Brahmverchasava |
||
| 260 |
_aMathura _bAkhand Jyoti Sansthan _c1995 |
||
| 650 | _aVyakti vikas | ||
| 700 | _aBrahmverchasava | ||
| 999 |
_c439026 _d439026 |
||